| 000 | 00367nam a22001697a 4500 | ||
|---|---|---|---|
| 005 | 20260617152352.0 | ||
| 020 | _a9788199181946 | ||
| 041 | _aEnglish | ||
| 082 | _aT16 R25 STE | ||
| 100 | _aStephen Jeyaseela S | ||
| 245 | _aThunigal Sayamiduthal Pesuthu | ||
| 250 | _a01 | ||
| 260 |
_aChennai _bNCBH _c2025 |
||
| 300 | _a144 | ||
| 365 | _b130.00 | ||
| 942 | _cBK | ||
| 999 |
_c177915 _d177915 |
||